=LDR 00000nam 2200000 4500 =001 INLIS000000001052711 =005 20240923091034 =035 ##$$a 0010-0924000250 =007 ta =008 240923################g##########f#ind## =020 ##$$a 978-979-1102-72-4 =082 ##$$a 899.221 3 =084 ##$$a 899.221 3 AME m =100 #$$a Amelia Masniari =245 1#$$a Miss Jinjing, pantang mati gaya /$c Amelia Masniari =250 ##$$a Cet. 1 =260 ##$$a Jakarta :$b Penerbit Republika,$c 2010 =300 ##$$a viii, 328 hlm. : $b ilus. ; $c 13.5 x 20.5 cm =650 #4$$a Fiksi Indonesia =990 ##$$a 21222122